Francuzi w Bayernie - nagła śmierć - Statystyki

Ogólne statystyki
  • Ten quiz został rozwiązany 114 razy
  • Średni wynik to 9 z 12
Answers on the Grid
Answers color-coded by a green-red scale on the quiz's grid according to % correct below.
Bixente Lizarazu
Kingsley Coman
Lucas Hernandez
Valerien Ismael
Michael Olise
Jean-Pierre Papin
Benjamin Pavard
Franck Ribery
Willy Sagnol
Corentin Tolisso
Mathys Tel
Dayot Upamecano
Laurent Blanc
Florent Malouda
Raphael Varane
Patrice Evra
Dimitri Payet
Eric Cantona
Bacary Sagna
Nicolas Anelka
Emmanuel Petit
Blaise Matuidi
Randal Kolo Muani
Ibrahima Konate
 
Statystyki odpowiedzi
Odpowiedź % Poprawnych
Franck Ribery
93%
Kingsley Coman
91%
Michael Olise
84%
Dayot Upamecano
83%
Lucas Hernandez
83%
Benjamin Pavard
82%
Corentin Tolisso
80%
Mathys Tel
80%
Bixente Lizarazu
70%
Willy Sagnol
55%
Jean-Pierre Papin
44%
Valerien Ismael
41%
Nie znaleziono quizów pasujących do podanych kryteriów
Rozkład punktacji
Procent ludzi z każdym wynikiem
Percentyl według liczby udzielonych odpowiedzi
Twoja historia wyników
Nie rozwiązałeś tego quizu